00683nam a2200229 a 4500001001300000003000900013005001700022008004100039020002400080082001500104100002500119245003300144260003500177300000900212500003500221650002000256700002500276902000800301942000700309952012000316999001700436nice12345678IN_TiNIC20260116015333.0110420s2005 newa grp 000 0 eng  a1932099867 c150000a297.2bBUY aBuytikcelebi, Ismail aLiving in the Shade of Islam aNew Jersey, USA bLight c2005 a440p aincludes index and biblioraphy aIslam-Doctrines1 aBuytikcelebi, Ismail bSRS cBK 001040708StackRoom-aHMIbHMId2011-04-20g1500.00l0o297.2 BUYp11002281r2011-04-20v1500.00w2011-04-20yBK c19286d19286